Normal view
MARC view
Entry Personal Name
001 - CONTROL NUMBER
- control field: 38197
003 - CONTROL NUMBER IDENTIFIER
- control field: OSt
005 - DATE AND TIME OF LATEST TRANSACTION
- control field: 20211105154419.0
008 - FIXED-LENGTH DATA ELEMENTS
- fixed length control field: 211105|| aca||aabn | a|a d
040 ## - CATALOGING SOURCE
- Original cataloging agency: OSt
- Transcribing agency: OSt
100 ## - HEADING--PERSONAL NAME
- Personal name: Epchtein, N
670 ## - SOURCE DATA FOUND
- Source citation: Work cat.: (OSt): Spinoglio, L., ed. 38196, 3rd ARENA Conference: An Astronomical Observatory at CONCORDIA (Dome C, Antarctica), 2010